| Tag |
First Indicator |
Second Indicator |
Subfields |
| LEADER |
00000cam a2200000 4500 |
| 001 |
in00000052475 |
| 005 |
20151007072102.0 |
| 008 |
750403s1966 maua b 00000 eng u |
| 010 |
|
|
|a 66010106
|
| 035 |
|
|
|a (OCoLC)01250717
|
| 035 |
|
|
|9 AAE7202AM
|
| 040 |
|
|
|c TOL
|d TXA
|d UtOrBLW
|
| 049 |
|
|
|a TXAM
|c [464296]
|
| 050 |
|
0 |
|a QE509
|b .T3
|
| 092 |
|
|
|a 551.11
|b T136t, 1966
|
| 100 |
1 |
|
|a Takeuchi, Hitoshi,
|d 1920-2004.
|
| 245 |
1 |
0 |
|a Theory of the earths interior.
|
| 264 |
|
1 |
|a Waltham, Mass. :
|b Blaisdell Pub. Co.,
|c [1966]
|
| 264 |
|
4 |
|c [©1966]
|
| 300 |
|
|
|a viii, 131 pages :
|b illustrations ;
|c 24 cm.
|
| 336 |
|
|
|a text
|b txt
|2 rdacontent
|
| 337 |
|
|
|a unmediated
|b n
|2 rdamedia
|
| 338 |
|
|
|a volume
|b nc
|2 rdacarrier
|
| 490 |
1 |
|
|a A Blaisdell book in the pure and applied sciences
|
| 504 |
|
|
|a Bibliography: pages 125-126.
|
| 651 |
|
0 |
|a Earth (Planet)
|x Internal structure.
|
| 830 |
|
0 |
|a Blaisdell book in the pure and applied sciences.
|
| 999 |
|
|
|a MARS
|
| 999 |
f |
f |
|s 65ca36d0-46f0-3464-8384-26755604f8bd
|i f0597682-c6b6-34b2-8a87-d42cb3a7df7d
|t 0
|
| 952 |
f |
f |
|p ric
|a Texas A&M University
|b Rellis Campus
|c Joint Library Facility
|s JLF
|d Remote Storage
|t 0
|e QE509 .T3
|h Library of Congress classification
|i unmediated -- volume
|m A14800950422
|
| 998 |
f |
f |
|a QE509 .T3
|t 0
|l Remote Storage
|